EPIC: The Musical - Different Beast - Statistics

General Stats
  • This quiz has been taken 239 times
  • The average score is 384 of 414
Answer Stats
% Correct
I
100%
a
99%
are
99%
are,
99%
be
99%
know
99%
my
99%
My
99%
no
99%
No
99%
Sirens No!
99%
the
99%
Odysseus/Soldiers | Soldiers We
99%
we
99%
who
99%
beast
98%
different
98%
have
98%
men
98%
now,
98%
now.
98%
now
98%
now!
98%
siren.
98%
to
98%
what
98%
Siren Penelope What?!
98%
wife
98%
wife,
98%
wife!
98%
you
98%
you.
98%
You
98%
And
97%
and
97%
don't
97%
mine.
97%
of
97%
on
97%
one
97%
so
97%
so.
97%
So
97%
take
97%
us
97%
us,
97%
water.
97%
water,
97%
your
97%
cut
96%
Cut
96%
daughter!
96%
feast
96%
I'm
96%
knows
96%
let
96%
more
96%
not
96%
ones
96%
real
96%
this
96%
this,
96%
friends
95%
from
95%
in
95%
life
95%
life,
95%
scared
95%
suffering
95%
time.
95%
were
95%
we're
95%
won't
95%
charade,
94%
that
94%
didn't
93%
kill
93%
Odysseus Kill
93%
Odysseus Let's
93%
there
93%
whole
93%
got
92%
hiding.
92%
trying
92%
been
91%
exactly
91%
Soldiers He
91%
he
91%
longer,
91%
notice
91%
please!
91%
snatched.
91%
Sirens Spare
91%
spare
91%
threat
91%
home,
90%
is
90%
oh
90%
Soldiers Oh-woah-oh-oh,
90%
oh woah-oh-oh,
90%
oh, woah-oh-oh
90%
oh woah-oh-oh
90%
oh, woah-oh-oh,
90%
packs
90%
played
90%
their
90%
them
90%
while
90%
While
90%
You've
90%
along.
89%
cause
89%
ears
89%
me.
89%
monster,
89%
our
89%
snacks,
89%
with
89%
Yeah,
89%
back
88%
drown.
88%
for
88%
into
88%
pretended
88%
sailors
88%
beeswax,
87%
conquer.
87%
how
87%
just
87%
underwater,
87%
all!
86%
away
86%
filled
86%
get
86%
off
86%
sea?
86%
sirens,
86%
Sirens
86%
tails,
86%
Odysseus Why?
86%
years
86%
island.
85%
Poseidon,
85%
turning
85%
Odysseus We've
85%
crew.
84%
or
84%
ship
84%
twelve
84%
about
83%
Nah,
83%
seeing
83%
wouldn't
83%
can't
82%
ending
82%
every
82%
manmade
82%
monsters,
82%
read
82%
spared
82%
that's
82%
focused
81%
made
81%
run
81%
song.
81%
part
80%
bodies
79%
feasts
79%
lips
79%
next
79%
resist
79%
But
78%
Throw
78%
almost
77%
cost
77%
deceased
77%
deceased,
77%
it
77%
like
77%
mistake
77%
realized
77%
found
76%
route
76%
singing
76%
information.
75%
war,
75%
conquers.
74%
dooms.
74%
own
74%
foes.
73%
group
73%
phrases,
73%
risks
73%
nearby
72%
Odysseus!
72%
here
71%
scanning
70%
First
68%
horizon,
68%
slayed
64%
could
55%
No matching quizzes found
Score Distribution
Percent of People with Each Score
Percentile by Number Answered
Your Score History
You have not taken this quiz